000 01705nam a22003017a 4500
005 20150615145629.0
008 101206t xxu||||| |||| 00| 0 hin d
010 _aHIN-91767 B-449515-559 B-597360
020 _c135.00
_a9788121615471
035 _aHN-64113
035 _aB-597360
035 _aB-449515-559
037 _bDBAD/PUB
040 _aDPL
_bHN
082 _a
100 _924598
_aगुरूदत्त
245 _aगुरूदत्त की यादगारी कहानियां /
_cगुरूदत्त; तेजपाल सिंह धामा द्वारा संपादित
246 _aGurudatt ki Yaadgari Kahaniyan
_bBy Gurudatt
260 _aनई दिल्ली
_bहिन्द पॉकेट बुक्स
_c2010
270 _aजे-40, जोरबाग लेन
_bनई दिल्ली
_e110003
300 _a208पृ
_c18सेमी (अजिल्द)
650 _91169
_aलघु कथाएँ, हिन्दी
650 _925727
_aHindi Fiction
700 _924599
_aधामा, तेजपाल सिंह
942 _2ddc
_cHN
_mगुरूद
_h
999 _c50323
_d50323